Estetická výchova v jednotřídní mateřské škole

Bibliographic Details
Main Author: Vadinská, D. (Author)
Format: Article
Language:Czech

MARC

LEADER 00000nab a2200000uu 4500
001 vtls011438107
003 SK-MaSNL
005 20260303145649.0
008 230222| xo |||||||||||||||||cze|
015 |a SNBRB 
035 |a (urnnbn)urn:nbn:sk:snk:ar-002nzh 
035 |a (uuid)087b5a08-970c-431c-84af-a9ce22641667 
035 |a urn:nbn:sk:snk-abcd42 
040 |a SNKBUCL  |b slo  |c SNKBUCL  |e AACR2 
041 0 |a cze 
044 |a xo  |c SK 
100 1 |a Vadinská, D.  |4 aut  |9 1168385 
245 1 0 |a Estetická výchova v jednotřídní mateřské škole  |c D. Vadinská 
773 0 |t Predškolská výchova : pedagogický časopis pre učiteľky materských škôl  |g Roč. 32, č. 10 (1977-1978), s. 294-296 
958 |a OND 
958 |a EUIPO 
958 |a article16 
999 |c 2004396  |d 2006326